[Event "Reykjavik Open 2016"]
[Site "Reykjavik ISL"]
[Date "2016.03.13"]
[Round "7.92"]
[White "Kravchuk, Mykhaylo"]
[Black "Koes, Richard"]
[Result "1/2-1/2"]
[WhiteElo "1596"]
[BlackElo "1840"]
[WhiteFideId "2310007"]
[BlackFideId "1020528"]
[EventDate "2016.03.08"]

1. d4 Nf6 2. c4 c5 3. d5 g6 4. Nc3 d6 5. e4 Bg7 6. Bd3 O-O 7. h3 e6 8. Nf3 exd5
9. exd5 Re8+ 10. Ne2 Nbd7 11. O-O Ne4 12. Qc2 Nef6 13. Bf4 Nf8 14. Nc3 a6 15.
Rfe1 Rxe1+ 16. Rxe1 b6 17. Ne4 Nxe4 18. Bxe4 Ra7 19. Bd3 Re7 20. Rxe7 Qxe7 21.
b3 Nd7 22. Kf1 Ne5 23. Nxe5 Bxe5 24. Bxe5 Qxe5 25. Qe2 f6 26. Qxe5 fxe5 27. g4
Kg7 28. Kg2 g5 29. f3 h6 30. Kg3 Kf6 31. Be4 b5 32. Bd3 Bd7 33. Bc2 b4 34. Kf2
Be8 35. Ke3 h5 36. Bf5 a5 37. Be4 h4 38. Bf5 Bf7 39. Be4 Be8 40. Bf5 a4 41. Be4
a3 42. Bf5 1/2-1/2

[Event "Reykjavik Open 2016"]
[Site "Reykjavik ISL"]
[Date "2016.03.13"]
[Round "7.93"]
[White "Jonsson, Pall G"]
[Black "Lemery, Jon Thor"]
[Result "1-0"]
[WhiteElo "1828"]
[BlackElo "1495"]
[WhiteFideId "2303205"]
[BlackFideId "2313499"]
[EventDate "2016.03.08"]

1. b4 e5 2. Bb2 Bxb4 3. Bxe5 Nf6 4. e3 O-O 5. h3 d5 6. Nf3 Re8 7. Be2 c5 8. O-O
Nc6 9. Bb2 Bf5 10. Nh4 Be6 11. f4 Ne4 12. Qe1 f5 13. c3 Ba5 14. g4 fxg4 15. hxg4
Qe7 16. d3 Bd8 17. Ng2 Nd6 18. Qg3 Bf7 19. Nd2 h5 20. Rae1 h4 21. Qh3 Qe6 22.
Nf3 Bf6 23. Bd1 Qd7 24. Ngxh4 d4 25. cxd4 cxd4 26. e4 Bxh4 27. Qxh4 Re6 28. g5
Rae8 29. Bb3 R6e7 30. g6 Rf8 1-0

[Event "Reykjavik Open 2016"]
[Site "Reykjavik ISL"]
[Date "2016.03.13"]
[Round "7.94"]
[White "Andersen, Dag"]
[Black "Sigurvaldason, Hjalmar"]
[Result "1-0"]
[WhiteElo "1811"]
[BlackElo "1426"]
[WhiteFideId "1504568"]
[BlackFideId "2306018"]
[EventDate "2016.03.08"]

1. Nf3 d5 2. c4 c6 3. e3 Nf6 4. b3 Bg4 5. Bb2 e6 6. Be2 Bxf3 7. Bxf3 Be7 8. O-O
O-O 9. Qc2 Nbd7 10. d4 Re8 11. Rd1 dxc4 12. bxc4 Qa5 13. Nd2 Qg5 14. g3 Rab8 15.
Bg2 c5 16. d5 exd5 17. cxd5 b6 18. e4 h5 19. Nf3 Qh6 20. e5 Nh7 21. Qf5 Ndf8 22.
d6 Bd8 23. Ne1 Qg6 24. Qf4 Ne6 25. Qa4 Bg5 26. Qxa7 h4 27. d7 Red8 28. Rd6 hxg3
29. hxg3 Nhf8 30. Rad1 Be7 31. Rxb6 Rxb6 32. Qxb6 Nxd7 33. Qc6 Ndf8 34. Rxd8
Bxd8 35. Be4 Qg5 36. Nf3 Qe7 37. a4 Ba5 38. Qb5 Qc7 39. Kg2 Bb4 40. Nh4 g6 41.
f4 Qd8 42. Nf3 Qc7 43. Bd5 Qd8 44. Qc4 Qc7 45. Bc3 Bxc3 46. Qxc3 Qa7 47. a5 Nc7
48. Bc4 Nfe6 49. Qd2 Qa8 50. Kf2 Qa7 51. Ng5 Nxg5 52. Qd8+ Kh7 53. Qxg5 Ne6 54.
Qh4+ Kg8 55. Bxe6 fxe6 56. Qd8+ Kh7 57. Qb6 Qd7 58. Qd6 Qb5 59. a6 Qb2+ 60. Kf3
Qc3+ 61. Kg4 Qc2 62. Qe7+ Kh8 63. Qf6+ Kh7 64. Kg5 Qd3 65. Qf7+ Kh8 66. Qf8+ Kh7
67. Qh6+ Kg8 68. Qxg6+ 1-0

[Event "Reykjavik Open 2016"]
[Site "Reykjavik ISL"]
[Date "2016.03.13"]
[Round "7.95"]
[White "Meier, Gerd"]
[Black "Davidsson, Joshua"]
[Result "1/2-1/2"]
[WhiteElo "1851"]
[BlackElo "1411"]
[WhiteFideId "4682971"]
[BlackFideId "2311631"]
[EventDate "2016.03.08"]

1. e4 e5 2. f4 d6 3. Nf3 Nc6 4. Bc4 Bg4 5. c3 Nf6 6. d3 Be7 7. b4 a6 8. O-O O-O
9. h3 Bxf3 10. Qxf3 Qd7 11. f5 Na7 12. a4 c6 13. g4 d5 14. Bb3 Kh8 15. g5 Ne8
16. exd5 cxd5 17. Bxd5 Rb8 18. Ra2 Nd6 19. Rg2 Qxa4 20. Qh5 g6 21. Qe2 Nxf5 22.
Qxe5+ f6 23. gxf6 Bxf6 24. Qc7 Qb5 25. Be4 Be5 26. Qa5 Qxa5 27. bxa5 b5 28. axb6
Rxb6 29. Be3 Nxe3 30. Rxf8+ Kg7 1/2-1/2

[Event "Reykjavik Open 2016"]
[Site "Reykjavik ISL"]
[Date "2016.03.13"]
[Round "7.96"]
[White "Davidsson, Oskar Vikingur"]
[Black "Kruger, Jan"]
[Result "1-0"]
[WhiteElo "1628"]
[BlackElo "1810"]
[WhiteFideId "2310627"]
[BlackFideId "1709119"]
[EventDate "2016.03.08"]

1. e4 d5 2. exd5 Qxd5 3. Nf3 Bf5 4. d4 c6 5. c4 Qa5+ 6. Nc3 e6 7. Be2 Nf6 8. O-O
Bd6 9. h3 Nbd7 10. Be3 Rd8 1-0

[Event "Reykjavik Open 2016"]
[Site "Reykjavik ISL"]
[Date "2016.03.13"]
[Round "7.97"]
[White "Halldorsson, Haukur"]
[Black "Bernhard, Julia"]
[Result "0-1"]
[WhiteElo "1570"]
[BlackElo "1769"]
[WhiteFideId "2305089"]
[BlackFideId "1620860"]
[EventDate "2016.03.08"]

1. d4 Nf6 2. c3 g6 3. Bg5 Bg7 4. Bxf6 Bxf6 5. Nf3 d6 6. h3 Nd7 7. e3 O-O 8. Bd3
c5 9. O-O Rb8 10. a4 a6 11. Qe2 d5 12. b3 Re8 13. Nbd2 e5 14. dxe5 Nxe5 15. Rfc1
Nxd3 16. Qxd3 Bf5 17. Qf1 Qa5 18. Nb1 b5 19. Nfd2 b4 20. cxb4 Rxb4 21. Ra2 Be6
22. Rac2 Rc8 23. Nc3 Bg7 24. Ne2 Bf5 25. Ra2 Bd3 26. Qd1 c4 27. Nf4 Bf5 28. bxc4
dxc4 29. e4 Be6 30. Nxe6 fxe6 31. Qg4 Qb6 32. Nf3 c3 33. a5 Qc6 34. Rac2 Rxe4
35. Qg5 Qd5 36. Qe7 Qd8 37. Qb7 Ra4 38. Qxa6 Rxa5 39. Qxe6+ Kh8 40. Re1 Rd5 41.
Kh2 Rd6 42. Qe3 Rd3 43. Qe6 Qd6+ 44. Qxd6 Rxd6 45. Rce2 Rdd8 46. Rc2 h6 47. Kg1
Rd5 48. Kf1 Rb5 49. Ng1 Rb2 50. Rec1 Kh7 51. Ne2 h5 52. Nxc3 Rxc2 53. Rxc2 Rxc3 0-1

[Event "Reykjavik Open 2016"]
[Site "Reykjavik ISL"]
[Date "2016.03.13"]
[Round "7.98"]
[White "Kvamme, Ingrid Jodre"]
[Black "Danielsson, Sigurdur"]
[Result "1/2-1/2"]
[WhiteElo "1473"]
[BlackElo "1763"]
[WhiteFideId "1516981"]
[BlackFideId "2301792"]
[EventDate "2016.03.08"]

1. Nf3 d5 2. c4 d4 3. d3 c5 4. g3 Nc6 5. Bg2 e5 6. O-O Bd6 7. e3 Nf6 8. exd4
cxd4 9. Bg5 h6 10. Bxf6 Qxf6 11. a3 Bg4 12. Nbd2 Qe7 13. Re1 O-O 14. Ne4 Bc7 15.
b4 f5 16. Nc5 Rae8 17. Qc2 b6 18. Nb3 Qd6 19. Qd2 Rd8 20. b5 e4 21. dxe4 fxe4
22. Rxe4 Bxf3 23. Bxf3 Rxf3 24. bxc6 d3 25. Rae1 Rdf8 26. Re7 R8f7 27. Rxf7 Rxf7
28. Qc3 a5 29. Re3 Qxc6 30. Qxd3 Rd7 31. Qe2 Rd8 32. Re7 Qd6 33. Re8+ Kf7 34.
Rxd8 Bxd8 35. a4 Bf6 36. Qd2 Qc6 37. Qf4 g5 38. Qf5 Qxc4 39. Qd7+ Kg6 40. Qe8+
Qf7 41. Qe4+ Kg7 42. Nd4 Bxd4 43. Qxd4+ Qf6 44. Qd7+ Kg6 45. Qe8+ Kf5 46. Qb5+
Ke4 47. Qc4+ Qd4 48. Qc6+ Qd5 49. Qxb6 Qd7 50. Kg2 1/2-1/2

[Event "Reykjavik Open 2016"]
[Site "Reykjavik ISL"]
[Date "2016.03.13"]
[Round "7.99"]
[White "Magnusson, Thorsteinn"]
[Black "Ingebretsen, Jens E"]
[Result "0-1"]
[WhiteElo "1314"]
[BlackElo "1755"]
[WhiteFideId "2310287"]
[BlackFideId "1522965"]
[EventDate "2016.03.08"]

1. d4 d5 2. Bf4 c5 3. e3 Nc6 4. c3 e6 5. Nf3 Nf6 6. h3 Be7 7. Nbd2 O-O 8. Bd3 a6
9. Ne5 Qb6 10. Qb1 h6 11. Ndf3 Nd7 12. Nxd7 Bxd7 13. Ne5 Nxe5 14. Bxe5 Bb5 15.
Bh7+ Kh8 16. a4 Bc4 17. dxc5 Bxc5 18. Bg6 Bxe3 19. Bg3 fxg6 0-1

[Event "Reykjavik Open 2016"]
[Site "Reykjavik ISL"]
[Date "2016.03.13"]
[Round "7.100"]
[White "Karlsson, Isak Orri"]
[Black "Ontiveros, John"]
[Result "0-1"]
[WhiteElo "1139"]
[BlackElo "1729"]
[WhiteFideId "2312530"]
[BlackFideId "2303981"]
[EventDate "2016.03.08"]

1. e4 e5 2. f4 exf4 3. Bc4 Qh4+ 4. Kf1 h5 5. Nf3 Qf6 6. d4 d6 7. Nc3 Be6 8. Bxe6
fxe6 9. d5 e5 10. Qd3 a6 11. b4 Nd7 12. Qc4 Rc8 13. b5 a5 14. b6 Qd8 15. Qa4
cxb6 16. Nb5 Nh6 17. h4 Nf7 18. Rg1 g5 19. hxg5 Nxg5 20. Nh4 Nxe4 21. Qxe4 Qxh4
22. Qg6+ Kd8 23. g3 Qf6 24. Qd3 Nc5 25. Qf3 e4 26. Qc3 Qxc3 27. Nxc3 Bg7 28. Nb5
Bxa1 29. Nxd6 Bd4 30. Rh1 fxg3 31. Kg2 Bf2 32. Rh4 Kd7 33. Nxc8 Kxc8 34. Rf4 h4
35. Rg4 h3+ 36. Kh1 g2+ 37. Kh2 g1=Q+ 38. Rxg1 Bxg1+ 39. Kxg1 h2+ 40. Kh1 Nd7
41. Bf4 Rh7 42. Be3 b5 43. c3 Nf6 44. d6 Ng4 45. Bb6 e3 0-1

[Event "Reykjavik Open 2016"]
[Site "Reykjavik ISL"]
[Date "2016.03.13"]
[Round "7.101"]
[White "Edel, Fenja"]
[Black "Jonasson, Hordur"]
[Result "1/2-1/2"]
[WhiteElo "1721"]
[BlackElo "1536"]
[WhiteFideId "24696749"]
[BlackFideId "2311224"]
[EventDate "2016.03.08"]

1. e4 c6 2. d4 d5 3. exd5 cxd5 4. Bd3 Nc6 5. c3 Nf6 6. h3 g6 7. Nf3 Bg7 8. Bf4
O-O 9. O-O Nh5 10. Bh2 Bh6 11. Nbd2 Bf4 12. Re1 Bxh2+ 13. Nxh2 Nf4 14. Bc2 Qd6
15. Ndf3 Re8 16. Qd2 Nh5 17. Ne5 Qf6 18. Neg4 Bxg4 19. Nxg4 Qf4 20. Qd1 Nf6 21.
Ne5 e6 22. Ba4 Rec8 23. Bxc6 bxc6 24. Qa4 c5 25. Nd3 Qb8 26. dxc5 Ne4 27. c6 Qb6
28. Qc2 Rxc6 29. Ne5 Rc7 30. Re3 Rb8 31. Rb1 Qd6 32. Nf3 h5 1/2-1/2

[Event "Reykjavik Open 2016"]
[Site "Reykjavik ISL"]
[Date "2016.03.13"]
[Round "7.102"]
[White "Kristbergsson, Bjorgvin"]
[Black "Steingrimsson, Karl Egill"]
[Result "0-1"]
[WhiteElo "1100"]
[BlackElo "1693"]
[WhiteFideId "2305232"]
[BlackFideId "2304791"]
[EventDate "2016.03.08"]

1. c4 Nf6 2. Nc3 e6 3. e4 d6 4. b3 c5 5. h3 Nc6 6. Nf3 e5 7. d3 h6 8. Bb2 Be7 9.
Be2 a6 10. a4 Be6 11. Nh2 Nd4 12. Ng4 Nxg4 13. Bxg4 Bxg4 14. hxg4 Bg5 15. Nd5
Ne6 16. g3 O-O 17. O-O Nc7 18. Nb6 Rb8 19. a5 Na8 20. Nd5 Nc7 21. Nb6 Ne6 22.
Qf3 Bd2 23. Qd1 Bxa5 24. Nd5 Bb4 25. Ne3 Nd4 26. Bxd4 cxd4 27. Nf5 a5 28. Qc1
Kh7 29. f4 g6 30. Nh4 Bc3 31. Ra2 Qb6 32. Qc2 exf4 33. gxf4 Rbe8 34. e5 dxe5 35.
fxe5 Rxe5 36. Nf3 Re3 37. g5 h5 38. Ra4 Qe6 39. Qg2 Rxd3 40. Kh2 Bb4 41. Ra2
Bd6+ 42. Kh1 Qd7 43. Rxa5 Rxb3 44. Rd5 Qc7 45. Rxd4 Bc5 46. Rh4 Kg7 47. Rxh5
gxh5 48. Nh4 Qg3 49. Nf5+ Kh8 50. Qxg3 Rxg3 51. Nh6 Kg7 52. Nf5+ Kg6 53. Nh6
Kxg5 54. Nxf7+ Kh4 55. Rf4+ Kh3 56. Rf1 0-1

[Event "Reykjavik Open 2016"]
[Site "Reykjavik ISL"]
[Date "2016.03.13"]
[Round "7.103"]
[White "Einarsson, Oskar Long"]
[Black "Tan, Teck Woon"]
[Result "0-1"]
[WhiteElo "1691"]
[BlackElo "1488"]
[WhiteFideId "2309220"]
[BlackFideId "5813522"]
[EventDate "2016.03.08"]

1. e4 e5 2. Nf3 Nc6 3. Bb5 d6 4. d4 Bd7 5. O-O exd4 6. Nxd4 Be7 7. Nc3 Nf6 8. h3
O-O 9. Be3 Re8 10. Re1 h6 11. Qd2 Bf8 12. f3 a6 13. Bc4 b5 14. Nxc6 Bxc6 15. Bb3
Bb7 16. Ne2 d5 17. exd5 Nxd5 18. Bf2 c5 19. c3 c4 20. Bc2 Qc7 21. Nd4 Bd6 22.
Rxe8+ Rxe8 23. Re1 Rxe1+ 24. Qxe1 Qe7 25. Be4 Qe5 26. Nf5 Qh2+ 27. Kf1 Nf4 28.
Ne3 Bxe4 29. fxe4 Bc5 30. Bg1 Qh1 31. Qf2 Bxe3 32. Qxe3 Qxg2+ 33. Ke1 Nxh3 0-1

[Event "Reykjavik Open 2016"]
[Site "Reykjavik ISL"]
[Date "2016.03.13"]
[Round "7.104"]
[White "Hrafnsson, Hreinn"]
[Black "Gislason, Jason Andri"]
[Result "0-1"]
[WhiteElo "1651"]
[BlackElo "1319"]
[WhiteFideId "2304686"]
[BlackFideId "2311283"]
[EventDate "2016.03.08"]

1. Nf3 Nf6 2. d4 g6 3. g3 Bg7 4. Bg2 O-O 5. O-O d6 6. c4 c6 7. Nc3 Nbd7 8. e4 e5
9. d5 cxd5 10. cxd5 Nc5 11. Nd2 a5 12. Nc4 Ne8 13. f4 exf4 14. Bxf4 Bxc3 15.
bxc3 b5 16. Ne3 g5 17. Qh5 gxf4 18. Rxf4 Ng7 19. Qh6 f5 20. Rh4 Rf7 21. Qxh7+
Kf8 22. Rf1 Qg5 23. Qh8+ Ke7 24. Nxf5+ Nxf5 25. Rhf4 Nh6 26. e5 Rxf4 27. gxf4
Qxg2+ 0-1

[Event "Reykjavik Open 2016"]
[Site "Reykjavik ISL"]
[Date "2016.03.13"]
[Round "7.105"]
[White "Norlander, Svante"]
[Black "Johannsson, Birkir Isak"]
[Result "0-1"]
[WhiteElo "1649"]
[BlackElo "1303"]
[WhiteFideId "1716930"]
[BlackFideId "2314673"]
[EventDate "2016.03.08"]

1. d4 d5 2. c4 c6 3. Nf3 Nf6 4. e3 e6 5. Nbd2 Nbd7 6. Qc2 Bd6 7. c5 Bc7 8. Rb1
O-O 9. Bd3 e5 10. dxe5 Nxe5 11. Nxe5 Bxe5 12. Nf3 Bc7 13. O-O Bg4 14. Nd4 Qe7
15. g3 Bh3 16. Bd2 Bxf1 17. Rxf1 g6 18. f3 Nd7 19. b4 Be5 20. Re1 Bg7 21. a3
Rad8 22. Bf1 Rfe8 23. Qc1 Ne5 24. Kf2 Nd7 25. a4 Nf8 26. Nb3 Qc7 27. b5 Qd7 28.
Bc3 Bxc3 29. Qxc3 Ne6 30. Rd1 Qc7 31. Bh3 Re7 32. f4 Rde8 33. Bg2 Ng7 34. Qa5
Qxa5 35. Nxa5 cxb5 36. axb5 b6 37. cxb6 axb6 38. Nc6 Rxe3 39. Bf3 Rb3 40. Ne5
Rxb5 41. Bxd5 Rb2+ 42. Kg1 Ne6 43. Bc6 Rd8 44. Re1 b5 45. Nf3 b4 46. Be4 b3 47.
Bb1 Nd4 48. Nxd4 Rxd4 49. h4 Ra4 50. Be4 Rd2 51. Bc6 Raa2 52. g4 b2 53. Be4 Ra1
54. Bb1 Rc2 0-1

[Event "Reykjavik Open 2016"]
[Site "Reykjavik ISL"]
[Date "2016.03.13"]
[Round "7.107"]
[White "Kristjansson, Halldor Atli"]
[Black "Thorsteinsdottir, Svava"]
[Result "1/2-1/2"]
[WhiteElo "1346"]
[BlackElo "1332"]
[WhiteFideId "2310988"]
[BlackFideId "2310686"]
[EventDate "2016.03.08"]

1. d4 d5 2. c4 c6 3. Nc3 Nf6 4. Nf3 Nbd7 5. e3 b6 6. Bd2 e6 7. Rc1 Bb7 8. Be2
Bd6 9. O-O O-O 10. h3 Re8 11. Qc2 e5 12. dxe5 Nxe5 13. Nxe5 Bxe5 14. cxd5 cxd5
15. Bf3 Rb8 16. Rfe1 d4 17. exd4 Bxd4 18. Bxb7 Rxb7 19. Rxe8+ Qxe8 20. Re1 Qc6
21. Qd3 Rd7 22. Qe2 h6 23. Rc1 Qd6 24. Nb5 Qe5 25. Nxd4 Qxe2 26. Nxe2 Rxd2 27.
Rc8+ Kh7 28. Nc3 Rxb2 29. Rc7 Rc2 30. Nb5 Rxc7 31. Nxc7 a5 32. Kf1 Ne4 33. Nb5
g5 34. Ke2 Kg6 35. Ke3 f5 36. g4 h5 37. Nd4 Nd6 38. f3 b5 39. Kd3 b4 40. Nc6 1/2-1/2

[Event "Reykjavik Open 2016"]
[Site "Reykjavik ISL"]
[Date "2016.03.13"]
[Round "7.108"]
[White "Birkisdottir, Freyja"]
[Black "Olafsson, Olafur Orn"]
[Result "0-1"]
[WhiteElo "1246"]
[BlackElo "1129"]
[WhiteFideId "2311860"]
[BlackFideId "2312042"]
[EventDate "2016.03.08"]

1. c4 Nf6 2. g3 e6 3. Nc3 Nc6 4. Bg2 Bb4 5. a3 Bxc3 6. dxc3 O-O 7. Nf3 d5 8.
cxd5 Qxd5 9. Qxd5 Nxd5 10. O-O b6 11. Rd1 Bb7 12. Bd2 Rab8 13. Nd4 Na5 14. Bxd5
Bxd5 15. Nb5 Rb7 16. Bf4 Nb3 17. Bxc7 Nxa1 18. Rxa1 Bc4 19. Bd6 Rd8 20. Bc7 Rd7
21. Bxb6 Rxb6 22. Nd4 Rxb2 23. e3 Rdb7 24. Rd1 Bd5 25. f4 Rb1 26. Rxb1 Rxb1+ 27.
Kf2 Rc1 28. Ne2 Ra1 29. Nd4 Rxa3 30. Nb5 Ra1 31. Nd4 a5 32. Ke2 a4 33. Kd2 a3
34. Kc2 a2 35. Nb3 Bxb3+ 36. Kxb3 Rc1 37. Kxa2 Rxc3 38. e4 Rc2+ 39. Kb3 Rxh2 40.
Kc4 Rg2 41. Kd4 Rxg3 42. e5 h5 43. Ke4 h4 44. f5 exf5+ 45. Kf4 Rg6 46. Kxf5 h3
47. Kf4 h2 48. Ke4 h1=Q+ 49. Kd4 Qc6 50. Ke3 Qc4 51. Kf3 Rg4 52. Ke3 Qe4+ 53.
Kd2 Qf3 54. Kc1 Qf2 55. Kb1 Rg1# 0-1

[Event "Reykjavik Open 2016"]
[Site "Reykjavik ISL"]
[Date "2016.03.13"]
[Round "7.109"]
[White "Kristofersson, Sindri Snaer"]
[Black "Davidsson, Stefan Orri"]
[Result "1/2-1/2"]
[WhiteElo "1212"]
[BlackElo "1244"]
[WhiteFideId "2310732"]
[BlackFideId "2311399"]
[EventDate "2016.03.08"]

1. d4 Nf6 2. c4 e6 3. Nc3 Bb4 4. Bg5 h6 5. Bh4 d5 6. e3 O-O 7. Nf3 g5 8. Bg3 Ne4
9. Qc2 Nc6 10. Bd3 Bxc3+ 11. bxc3 f5 12. h3 b6 13. O-O Qe7 14. Bh2 Bb7 15. Rfe1
Rac8 16. Nd2 Qa3 17. Bxe4 dxe4 18. Qb3 Qe7 19. c5 Rfe8 20. c4 Ba8 21. cxb6 cxb6
22. d5 Na5 23. Qa4 exd5 24. cxd5 Bxd5 25. Qb5 Rc5 26. Qb2 Rec8 27. Qd4 Qe6 28.
Qa4 Rc2 29. Nb3 Bxb3 30. axb3 Nxb3 31. Rad1 Na5 32. Rd4 Rc1 33. Rd8+ Kf7 34.
Rd7+ Kg6 35. Red1 Rxd1+ 36. Rxd1 Rc4 37. Qa3 Rc6 38. Bb8 Qb3 39. Rd6+ Rxd6 40.
Qxd6+ Kg7 41. Bxa7 Nb7 42. Qc7+ Qf7 43. Qxf7+ Kxf7 44. Bxb6 Ke6 45. Kf1 f4 46.
exf4 gxf4 47. g4 fxg3 48. fxg3 Nd6 49. g4 Nc4 50. Bc5 Kf6 51. h4 Kg6 52. Ke2 Ne5
53. Ke3 Nxg4+ 54. Kxe4 Nf6+ 55. Kf4 h5 56. Bd4 Nd5+ 57. Ke4 Ne7 58. Be3 Nf5 59.
Bf2 Nxh4 60. Bxh4 1/2-1/2

[Event "Reykjavik Open 2016"]
[Site "Reykjavik ISL"]
[Date "2016.03.14"]
[Round "8.1"]
[White "Gupta, Abhijeet"]
[Black "Movsesian, Sergei"]
[Result "1-0"]
[WhiteTitle "GM"]
[BlackTitle "GM"]
[WhiteElo "2634"]
[BlackElo "2653"]
[WhiteFideId "5010608"]
[BlackFideId "310204"]
[EventDate "2016.03.08"]

1. d4 Nf6 2. c4 e6 3. Nc3 Bb4 4. e3 O-O 5. Ne2 d5 6. a3 Bd6 7. Ng3 c6 8. Be2
dxc4 9. Bxc4 Nbd7 10. O-O Nb6 11. Ba2 e5 12. dxe5 Bxe5 13. Qc2 Be6 14. Bxe6 fxe6
15. Nce2 Qd5 16. Bd2 Qc4 17. Rac1 Qxc2 18. Rxc2 Rad8 19. Bc3 Bxc3 20. Nxc3 Kf7
21. Nge4 Ke7 22. Nc5 Rb8 23. f3 Nbd5 24. Nd1 Rfd8 25. Kf2 Nd7 26. Nd3 N7b6 27.
Ke2 Nc7 28. Nc3 Nbd5 29. Ne4 Nf6 30. Nef2 Rd5 31. Rfc1 Rdd8 32. a4 a5 33. b3 Na6
34. e4 Nd7 35. Ng4 c5 36. Nge5 Nxe5 37. Nxe5 Rbc8 38. Rd2 Rxd2+ 39. Kxd2 Nb8 40.
Ke3 b6 41. Rd1 Rc7 42. Nc4 Rb7 43. Rd6 Nd7 44. Rc6 g5 45. g3 Rb8 46. Rc7 Kd8 47.
Ra7 b5 48. Nxa5 Rb6 49. f4 gxf4+ 50. gxf4 Kc8 51. e5 h5 52. Kd3 c4+ 53. bxc4
bxa4 54. Kd4 Nb8 55. Kc5 Rb2 56. Nc6 Rxh2 57. Ra8 Rb2 58. f5 exf5 59. e6 a3 60.
Nxb8 Kb7 61. Rxa3 Kxb8 62. Re3 1-0

[Event "Reykjavik Open 2016"]
[Site "Reykjavik ISL"]
[Date "2016.03.14"]
[Round "8.2"]
[White "Mamedyarov, Shakhriyar"]
[Black "Beliavsky, Alexander G"]
[Result "1-0"]
[WhiteTitle "GM"]
[BlackTitle "GM"]
[WhiteElo "2747"]
[BlackElo "2630"]
[WhiteFideId "13401319"]
[BlackFideId "14602377"]
[EventDate "2016.03.08"]

1. d4 d5 2. c4 c6 3. Nf3 Nf6 4. g3 dxc4 5. Bg2 b5 6. b3 cxb3 7. axb3 e6 8. O-O
Be7 9. Ne5 Bb7 10. Nc3 a6 11. Bg5 h6 12. Bf4 O-O 13. Ne4 Nxe4 14. Bxe4 Qc8 15.
Qc2 c5 16. dxc5 Nc6 17. Rac1 Nxe5 18. Bxe5 Bc6 19. Rfd1 Rd8 20. Bd6 Bf6 21. Bxc6
Qxc6 22. e4 g6 23. h4 a5 24. Rb1 a4 25. bxa4 Rxa4 26. e5 Bg7 27. Qb3 Re4 28. Re1
Ra8 29. Qd3 Raa4 30. Qf1 Rxh4 31. Qg2 Qxg2+ 32. Kxg2 Rhc4 33. Rxb5 Ra2 34. Rb8+
Kh7 35. Rb7 Kg8 36. Rbb1 Raa4 37. Rb5 Ra8 38. Rb7 Rc8 39. Re3 1-0

[Event "Reykjavik Open 2016"]
[Site "Reykjavik ISL"]
[Date "2016.03.14"]
[Round "8.3"]
[White "Grigoriants, Sergey"]
[Black "Rapport, Richard"]
[Result "1/2-1/2"]
[WhiteTitle "GM"]
[BlackTitle "GM"]
[WhiteElo "2587"]
[BlackElo "2720"]
[WhiteFideId "4130804"]
[BlackFideId "738590"]
[EventDate "2016.03.08"]

1. Nf3 h6 2. e4 g5 3. d4 Bg7 4. h3 d6 5. Bd3 c5 6. c3 Qc7 7. Be3 Nd7 8. Nbd2
Ngf6 9. Nf1 Nh5 10. g3 Nhf6 11. g4 b6 12. Ng3 Bb7 13. Qc2 a6 14. Qe2 e6 15. Nd2
b5 16. h4 gxh4 17. Rxh4 Nb6 18. dxc5 dxc5 19. Bc2 Nfd7 20. Nh5 Bf8 21. O-O-O
O-O-O 22. f4 e5 23. Rhh1 c4 24. Kb1 b4 25. cxb4 Bxb4 26. Nf3 c3 27. b3 f6 28.
fxe5 fxe5 29. Ng7 Qc6 30. Nf5 Ba3 1/2-1/2

[Event "Reykjavik Open 2016"]
[Site "Reykjavik ISL"]
[Date "2016.03.14"]
[Round "8.4"]
[White "Bromberger, Stefan"]
[Black "Cheparinov, Ivan"]
[Result "1/2-1/2"]
[WhiteTitle "GM"]
[BlackTitle "GM"]
[WhiteElo "2532"]
[BlackElo "2684"]
[WhiteFideId "4635248"]
[BlackFideId "2905540"]
[EventDate "2016.03.08"]

1. e4 c5 2. Nf3 d6 3. d4 cxd4 4. Nxd4 Nf6 5. Nc3 a6 6. h3 e6 7. g4 Be7 8. g5
Nfd7 9. h4 b5 10. a3 Bb7 11. Be3 Nc6 12. Qd2 Rc8 13. Nxc6 Rxc6 14. O-O-O O-O 15.
h5 Qa5 16. Kb1 Rxc3 17. Qxc3 Qxc3 18. bxc3 Bxe4 19. Rh4 Bf3 20. Re1 Ne5 21. Bc1
Rc8 22. a4 h6 23. Rh3 Bg4 24. Rg3 Bxh5 25. axb5 axb5 26. f4 Nc6 27. Bxb5 hxg5
28. Bxc6 gxf4 29. Rh3 Bg4 30. Bg2 Bxh3 31. Bxh3 Rxc3 32. Bf1 Rf3 33. Bd3 Bf6 34.
Be4 Rf2 35. c4 Bd4 36. Ba3 Bc5 37. Bb2 f3 38. Rh1 f5 39. Bc6 Kf7 40. Bc3 Ba3 41.
Bd4 Rd2 42. Bc3 Re2 43. Bxf3 Re3 44. Rh3 Bc5 45. Kb2 g5 46. Bd2 g4 47. Bxg4 Rxh3
48. Bxh3 d5 1/2-1/2

[Event "Reykjavik Open 2016"]
[Site "Reykjavik ISL"]
[Date "2016.03.14"]
[Round "8.5"]
[White "Petrov, Nikita"]
[Black "Grandelius, Nils"]
[Result "0-1"]
[WhiteTitle "IM"]
[BlackTitle "GM"]
[WhiteElo "2464"]
[BlackElo "2646"]
[WhiteFideId "4101286"]
[BlackFideId "1710400"]
[EventDate "2016.03.08"]

1. Nf3 d5 2. g3 g6 3. Bg2 Bg7 4. d4 Nf6 5. O-O O-O 6. c4 dxc4 7. Na3 c3 8. bxc3
c5 9. Ne5 Nc6 10. Nac4 Be6 11. Nxc6 bxc6 12. Qd3 cxd4 13. cxd4 Rc8 14. Ba3 c5
15. dxc5 Qxd3 16. exd3 Rfd8 17. Rad1 Nd5 18. Na5 Nc3 19. Rd2 Bxa2 20. c6 Rc7 21.
Rb2 Bf6 22. Rb7 Rdc8 23. Re1 Be6 24. Bc5 Nd5 25. d4 a6 26. Reb1 Kg7 27. Rxc7
Nxc7 28. Rb7 Ba2 29. Rxc7 Rxc7 30. Bb6 Rc8 31. c7 Kf8 32. Bb7 Bxd4 33. Bxd4 Rxc7
34. Bxa6 Bd5 35. Kf1 g5 36. h3 Rc1+ 37. Ke2 Rh1 38. Bc8 Bg2 39. Nb3 Bxh3 40. Bb7
Bg4+ 41. f3 Be6 42. Nc5 Bc4+ 43. Kf2 f6 44. Ne4 h5 45. Be3 h4 46. gxh4 Rxh4 47.
Kg3 Rh1 48. Nd2 Be6 49. Ne4 Re1 50. Bd2 Rg1+ 51. Kf2 Rb1 52. Bc6 Rb6 53. Ba8 Bc8
54. Bc3 Kf7 55. Nc5 Rb5 56. Bd4 Rb4 57. Be3 Rb2+ 58. Kg3 Re2 59. Bc1 Kg6 60. Ne4
e5 61. Bd5 Rc2 62. Ba3 f5 63. Nf2 e4 64. Bxe4 fxe4 65. Nxe4 Bb7 66. Be7 Re2 0-1

[Event "Reykjavik Open 2016"]
[Site "Reykjavik ISL"]
[Date "2016.03.14"]
[Round "8.6"]
[White "Tania, Sachdev"]
[Black "Jones, Gawain C B"]
[Result "1/2-1/2"]
[WhiteTitle "IM"]
[BlackTitle "GM"]
[WhiteElo "2370"]
[BlackElo "2645"]
[WhiteFideId "5007844"]
[BlackFideId "409561"]
[EventDate "2016.03.08"]

1. d4 Nf6 2. c4 g6 3. Nc3 Bg7 4. Nf3 d6 5. Bg5 h6 6. Bh4 g5 7. Bg3 Nh5 8. e3 c5
9. d5 Qa5 10. Qc2 a6 11. Bd3 Nd7 12. O-O Nxg3 13. hxg3 g4 14. Nh4 Ne5 15. Bf5
Nxc4 16. Bxc8 Rxc8 17. Qf5 Rb8 18. Qxg4 Bxc3 19. bxc3 Ne5 20. Qf5 Qxc3 21. Rac1
Qa3 22. e4 Rg8 23. Rc2 b5 24. Nf3 Nxf3+ 25. gxf3 Qd3 26. Qh7 Rf8 27. Rfc1 Qxf3
28. Qxh6 Qxe4 29. Rxc5 dxc5 30. Qc6+ Kd8 31. Rxc5 f6 32. Qc7+ Ke8 33. Qxb8+ Kf7
34. Rc8 Rxc8 35. Qxc8 a5 36. Qa6 Qb4 37. Qe6+ Kf8 38. Qc8+ Kg7 39. Qd7 Kh6 40.
Kg2 a4 41. Qf5 Qd6 42. a3 b4 43. axb4 a3 44. Qh3+ Kg7 45. Qg4+ Kf7 46. Qh5+ Kg7
47. Qg4+ Kf8 48. Qc4 e6 49. dxe6 Ke7 50. b5 Qxe6 51. Qc5+ Qd6 52. Qa7+ Ke6 53.
b6 Qd5+ 54. f3 Qd2+ 55. Kh3 Qh6+ 56. Kg2 Qd2+ 57. Kh3 Qh6+ 58. Kg2 Qd2+ 1/2-1/2